| 000 | 00803nam a2200253 i 4500 | ||
|---|---|---|---|
| 001 | bg | ||
| 100 | 1 | _aSosulski, Władysław. | |
| 245 | 1 | 0 |
_aZbiór zadań z analizy matematycznej : _bskrypt. _nCz. 1 / _cWładysław Sosulski, Jan Szajkowski ; Uniwersytet Zielonogórski. |
| 260 |
_aZielona Góra : _bOficyna Wydawnicza Uniwersytetu Zielonogórskiego, _c2007. |
||
| 300 |
_a205, [1] s. : _bil. ; _c24 cm. |
||
| 504 | _aBibliogr. s. [206]. | ||
| 650 | 9 | _aAnaliza matematyczna | |
| 655 | _aĆwiczenia i zadania dla szkół wyższych | ||
| 700 | 1 | _aSzajkowski, Jan. | |
| 015 | _aPB 19917/2007 | ||
| 020 | _a8389042045 | ||
| 040 | _cBPK | ||
| 041 | _apol | ||
| 044 | _aPOL | ||
| 080 | _a517(075.8)(076) | ||
| 920 | _a83-89042-04-5 | ||
| 942 | _cKS | ||
| 008 | 070808s2007 pl |000 0 pol | ||
| 999 |
_c55017 _d55017 |
||
| 856 |
_uhttp://koha.tu.koszalin.pl/cgi-bin/koha/opac-detail.pl?biblionumber=55017 _yKatalog online BPK |
||